000 00467cam a2200181ua 4500
003 OSt
008 250626b |||||||| |||| 00| 0 eng d
041 _aeng
082 _a624.1834
_bPUN/RE
100 _aPunmia, B C.
_97595
245 _aRe-inforced concrete structures, Vol-1 /
250 _a7 /
260 _aNew Delhi :
_bLaxmi publications ,
_c1992.
300 _a1140 ; .
700 1 _aArun Kumar, Jain.
_97596
700 1 _aJain, A K.
_97597
942 _cBK
999 _c11034
_d11034